| Поле | Название | Значение |
| |
Тип записи |
a |
| |
Библиографический уровень |
c |
| 001 |
Контрольный номер |
RU/IS/BASE/445078653 |
| 005 |
Дата корректировки |
20241121143519.7 |
| 010 |
Индекс ISBN |
__ |
| a |
ISBN |
978-5-91233-286-9 |
| d |
Цена |
152-06; 106-92 |
| b |
Уточнения |
в пер. |
| 9 |
Тираж |
10000 экз. |
| 100 |
Данные общей обработки |
__ |
| a |
Данные общей обработки |
20141106d2010 dc y0rusy028902 ca |
| 101 |
Язык документа |
0_ |
| a |
Язык текста |
rus |
| 102 |
Страна публикации |
__ |
| a |
Страна публикации |
RU |
| 105 |
Кодированные данные (монография) |
__ |
| a |
Кодированные данные (монография) |
a z 000ay |
| 181 |
Поле кодированных данных: вид содержания |
_0 |
| a |
Код вида содержания (ISBD) |
i |
| 182 |
Поле кодированных данных: тип средства |
_0 |
| a |
Код типа средства (ISBD) |
n |
| 200 |
Заглавие и сведения об ответственности |
1_ |
| a |
Заглавие |
Дедушкина смородина |
| e |
Сведения, относящиеся к заглавию |
книга рассказов |
| e |
Сведения, относящиеся к заглавию |
для среднего школьного возраста |
| f |
Первые сведения об ответственности |
составитель В. Карачёв |
| g |
Последующие сведения об ответственности |
иллюстрации О. Граблевской, О. Маркиной |
| 203 |
Вид содержания и тип средства |
__ |
| a |
Вид содержания |
Текст |
| c |
Тип средства |
непосредственный |
| 210 |
Выходные данные |
1_ |
| a |
Место издания |
Санкт-Петербург |
| c |
Издательство |
Балтийская книжная компания |
| c |
Издательство |
А. В. К. - Тимошка |
| d |
Дата издания |
2010 |
| 215 |
Физическое описание |
__ |
| a |
Объем |
93, [2] с. |
| c |
Иллюстрации/тип воспроизводства |
ил. |
| d |
Формат |
22 см |
| 225 |
Серия |
2_ |
| a |
Серия |
Библиотека В. Карачёва для детей и юношества |
| v |
Обозначение тома |
1 |
| 225 |
Серия |
2_ |
| a |
Серия |
Серия "Мир в рассказах" |
| 330 |
Аннотация |
__ |
| a |
Аннотация |
Эти рассказы о вас, ребята, о том, какие вы умные, красивые, послушные, сильные, добрые... Узнали себя? Или кто-то из вас, покраснев, скажет, что он не совсем такой, и случается всякое, за что бывает стыдно. Но и тогда эта книга про вас, про то, как вы учитесь отличать плохое от хорошего, доброе от злого. В новой серии "Мир в рассказах" на литературных примерах говорят о человеческих поступках - хороших и плохих, и о том, к каким последствиям приводят те и другие. |
| 333 |
Примечание о целевом назначении |
__ |
| a |
Примечание о целевом назначении |
0+ |
| 464 |
Аналитический уровень |
_0 |
| 1 |
|
2001 |
| a |
|
Воспитание яблони |
| 464 |
Аналитический уровень |
_0 |
| 1 |
|
2001 |
| a |
|
Пятачок погубил |
| 464 |
Аналитический уровень |
_0 |
| 1 |
|
2001 |
| a |
|
Разбойник Сорвиголова |
| 464 |
Аналитический уровень |
_0 |
| 1 |
|
2001 |
| a |
|
Медаль |
| 464 |
Аналитический уровень |
_0 |
| 1 |
|
2001 |
| a |
|
Она поняла |
| 464 |
Аналитический уровень |
_0 |
| 1 |
|
2001 |
| a |
|
Сережины забавы |
| 464 |
Аналитический уровень |
_0 |
| 1 |
|
2001 |
| a |
|
Брат и сестра |
| 464 |
Аналитический уровень |
_0 |
| 1 |
|
2001 |
| a |
|
Сосед |
| 464 |
Аналитический уровень |
_0 |
| 1 |
|
2001 |
| a |
|
Стрелочник виноват! |
| 517 |
Другие варианты заглавия |
1_ |
| a |
Другие варианты заглавия |
Мир в рассказах |
| 606 |
Тематические рубрики |
__ |
| a |
Основная рубрика |
Художественная литература |
| 2 |
Код системы |
nlr_sh |
| 606 |
Тематические рубрики |
__ |
| a |
Основная рубрика |
Русская литература XX в. (произведения) |
| 2 |
Код системы |
nlr_sh |
| 610 |
Ключевые слова |
0_ |
| a |
Ключевые слова |
детская литература |
| a |
Ключевые слова |
рассказы |
| a |
Ключевые слова |
рассказы для детей |
| a |
Ключевые слова |
тема взаимоотношений с детьми |
| a |
Ключевые слова |
тема воспитания |
| a |
Ключевые слова |
тема детства |
| a |
Ключевые слова |
тема лжи |
| a |
Ключевые слова |
тема ответственности |
| a |
Ключевые слова |
тема поступков |
| a |
Ключевые слова |
тема правдивости |
| a |
Ключевые слова |
тема семьи |
| 610 |
Ключевые слова |
0_ |
| a |
Ключевые слова |
нравственное воспитание |
| 686 |
Индексы других классификаций |
__ |
| 2 |
Код системы |
rubbks |
| a |
Классификационный индекс |
ст84(2=411.2)1-4 |
| 702 |
Вторичная интеллектуальная ответственность |
_1 |
| a |
Фамилия |
Карачев |
| b |
Имя |
В. А. |
| g |
Полное личное имя |
Валерий Александрович |
| 4 |
Код отношения |
220 |
| 702 |
Вторичная интеллектуальная ответственность |
_1 |
| a |
Фамилия |
Граблевская |
| b |
Имя |
О. |
| 4 |
Код отношения |
440 |
| 702 |
Вторичная интеллектуальная ответственность |
_1 |
| a |
Фамилия |
Маркина |
| b |
Имя |
О. |
| 4 |
Код отношения |
440 |
| 801 |
Источник записи |
_0 |
| a |
Страна |
RU |
| b |
Организация |
Муниципальное бюджетное учреждение культуры "Централизованная библиотечная система" г. Сургут (Центральная городская библиотека им. А. С. Пушкина) |
| c |
Дата составления |
20151106 |
| g |
Правила каталогизации |
PSBO |
| 801 |
Источник записи |
_1 |
| a |
Страна |
RU |
| b |
Организация |
Муниципальное бюджетное учреждение культуры "Централизованная библиотечная система" г. Сургут (Центральная городская библиотека им. А. С. Пушкина) |
| c |
Дата составления |
20151106 |
| g |
Правила каталогизации |
PSBO |
| 852 |
Данные о местонахождении |
__ |
| j |
Шифр хранения |
ст84(2=411.2)1-4 |
| i |
Авторский знак |
Д 26 |
| 900 |
Макрообъекты |
__ |
| a |
Макрообъекты |
Дедушкина смородина, 2010 |
| 901 |
Тип документа |
__ |
| t |
Тип документа |
x |
| a |
Ответственный |
КиК/Коробейникова; КиК/Мамарузиева; ООФиК/Губина |
| 903 |
Характеристики (МАРС) |
__ |
| a |
Дата передачи |
20151106; 20140207; 20240402 |
| c |
Наименование библиотеки (МАРС) |
Муниципальное бюджетное учреждение культуры "Централизованная библиотечная система" г. Сургут (Центральная городская библиотека им. А. С. Пушкина) |
| 969 |
Тип издания |
__ |
| a |
Тип издания |
издание для детей |
| 990 |
Данные о заказе (DOS) |
__ |
| j |
Количество экземпляров (DOS) |
1; 1; 5 |
| t |
N записи в КСУ для И/У (DOS) |
202404; 201511; 201402 |